000
002510000a22001210004500
001
005754
003
MACL
040
_a
MACL
090
_c
12926
_d
12925
245
_a
Qumqam ul Islam
_b
Razzaq Molvi Abdul
650
_a
Urdu Literature
942
_k
891
_c
Book
999
_c
12853
_d
12853